[Event "Esbjerg Autumn 2nd"]
[Site "Esbjerg"]
[Date "2019.10.20"]
[Round "6"]
[White "Husum, Lars"]
[Black "Ehrenreich, Simon"]
[Result "0-1"]
[WhiteElo "1809"]
[BlackElo "1937"]
[PlyCount "68"]
[EventDate "2019.10.18"]
[EventType "swiss"]
[EventRounds "7"]
[EventCountry "DEN"]
[SourceTitle "CBM 192 Extra"]
[Source "Chessbase"]
[SourceDate "2019.11.06"]
[SourceVersion "1"]
[SourceVersionDate "2019.11.06"]
[SourceQuality "1"]

1. d4 g6 2. Bf4 Bg7 3. e3 d6 4. Bd3 a6 5. c3 b5 6. Nf3 Bb7 7. a4 c6 8. 0-0 Nd7 9. e4 e5 10. Bg3 Ne7 11. Nbd2 0-0 12. Re1 Qb6 13. Qb3 Qc7 14. Rac1 Nb6 15. axb5 axb5 16. dxe5 dxe5 17. c4 bxc4 18. Nxc4 Nxc4 19. Bxc4 Ba6 20. Bxa6 Rxa6 21. Rc5 Ra5 22. Qc3 Rxc5 23. Qxc5 Rb8 24. Nxe5 Rb5 25. Nxg6 Rxc5 26. Bxc7 Nxg6 27. Bd6 Rc2 28. b4 Bd4 29. Rf1 Ne5 30. h3 Nc4 31. Be7 f6 32. g3 Kf7 33. Bd8 Nd2 34. Rd1 Nf3+ 0-1

[Event "Esbjerg Autumn 2nd"]
[Site "Esbjerg"]
[Date "2019.10.18"]
[Round "1"]
[White "Ehrenreich, Simon"]
[Black "Kristiansen, Jens"]
[Result "0-1"]
[WhiteElo "1937"]
[BlackElo "2401"]
[PlyCount "56"]
[EventDate "2019.10.18"]
[EventType "swiss"]
[EventRounds "7"]
[EventCountry "DEN"]
[SourceTitle "CBM 192 Extra"]
[Source "Chessbase"]
[SourceDate "2019.11.06"]
[SourceVersion "1"]
[SourceVersionDate "2019.11.06"]
[SourceQuality "1"]

1. d4 Nf6 2. c4 c5 3. d5 e5 4. Nc3 d6 5. e4 g6 6. Be3 Bg7 7. Be2 0-0 8. Qd2 Ng4 9. Bg5 f6 10. Bh4 a6 11. a3 Nh6 12. b4 Nd7 13. Na4 b6 14. bxc5 bxc5 15. g4 Nf7 16. Bg3 Bh6 17. Qc3 Nb6 18. Nxb6 Qxb6 19. h4 Rb8 20. h5 Qb2 21. Qxb2 Rxb2 22. hxg6 hxg6 23. Bh4 Kg7 24. Nh3 Bd2+ 25. Kd1 Bd7 26. a4 Rh8 27. Bg3 Ng5 28. Rf1 Rxh3 0-1

[Event "DEN-ch Kort 1-1"]
[Site "Svendborg"]
[Date "2018.03.26"]
[Round "4"]
[White "Olsen, Birger1111"]
[Black "Ehrenreich, Simon"]
[Result "1/2-1/2"]
[WhiteElo "1898"]
[BlackElo "1758"]
[PlyCount "53"]
[EventDate "2018.03.24"]
[EventType "swiss"]
[EventRounds "5"]
[EventCountry "DEN"]
[SourceTitle "EXT 2019"]
[Source "ChessBase"]
[SourceDate "2018.10.10"]
[SourceVersion "1"]
[SourceVersionDate "2018.10.10"]
[SourceQuality "1"]

1. b3 d5 2. e3 c6 3. Bb2 Bf5 4. f4 e6 5. Nf3 Nf6 6. Be2 h6 7. 0-0 c5 8. Na3 Nc6 9. Bb5 Rc8 10. c4 a6 11. Bxc6+ Rxc6 12. Ne5 Rc8 13. Nc2 d4 14. exd4 cxd4 15. Kh1 Bc5 16. d3 a5 17. Qf3 Rb8 18. Na3 Nd7 19. Nb5 0-0 20. Ba3 Bxa3 21. Nxa3 Nxe5 22. fxe5 Qc7 23. Rae1 Qc5 24. Nb5 Bg6 25. Nd6 b6 26. Nb5 Rfd8 27. h3 1/2-1/2

[Event "DEN-ch Kort 1-1"]
[Site "Svendborg"]
[Date "2018.03.25"]
[Round "2"]
[White "Christensen, Anders"]
[Black "Ehrenreich, Simon"]
[Result "1/2-1/2"]
[WhiteElo "1937"]
[BlackElo "1758"]
[PlyCount "66"]
[EventDate "2018.03.24"]
[EventType "swiss"]
[EventRounds "5"]
[EventCountry "DEN"]
[SourceTitle "EXT 2019"]
[Source "ChessBase"]
[SourceDate "2018.10.10"]
[SourceVersion "1"]
[SourceVersionDate "2018.10.10"]
[SourceQuality "1"]

1. e4 c6 2. d4 d5 3. Nc3 dxe4 4. Nxe4 Bf5 5. Ng3 Bg6 6. Nf3 Nf6 7. h4 h6 8. h5 Bh7 9. Bd3 Bxd3 10. Qxd3 e6 11. Bd2 Nbd7 12. 0-0-0 Qc7 13. Kb1 0-0-0 14. c3 Bd6 15. Ne4 Nxe4 16. Qxe4 Nf6 17. Qc2 Kb8 18. Bc1 Qa5 19. c4 Qc7 20. Rh4 c5 21. Be3 cxd4 22. Nxd4 a6 23. Nf3 Ka8 24. c5 Be7 25. Rxd8+ Rxd8 26. c6 Nd5 27. cxb7+ Qxb7 28. Rc4 Nxe3 29. fxe3 Bf6 30. b3 Qd7 31. Nd4 Bxd4 32. Rxd4 Qe8 33. Qe4+ Ka7 1/2-1/2

[Event "EU-ch U12 27th"]
[Site "Mamaia"]
[Date "2017.09.14"]
[Round "9"]
[White "Stalmach, Richard"]
[Black "Ehrenreich, Simon"]
[Result "1/2-1/2"]
[WhiteElo "1888"]
[BlackElo "1699"]
[PlyCount "46"]
[EventDate "2017.09.05"]
[EventType "swiss"]
[EventRounds "9"]
[EventCountry "ROU"]
[SourceTitle "EXT 2018"]
[Source "ChessBase"]
[SourceDate "2017.10.13"]
[SourceVersion "1"]
[SourceVersionDate "2017.10.13"]
[SourceQuality "1"]

1. d4 d5 2. Nf3 Nf6 3. c4 c6 4. e3 e6 5. Bd3 Bd6 6. 0-0 dxc4 7. Bxc4 b5 8. Bd3 0-0 9. a4 a6 10. e4 Be7 11. Nbd2 Nbd7 12. Qc2 h6 13. Qxc6 Ra7 14. Qc2 Rc7 15. Qb3 bxa4 16. Rxa4 Bb7 17. e5 Nd5 18. Ne4 Qa8 19. Re1 N5b6 20. Ra1 Rfc8 21. Qd1 Nd5 22. Bd2 Rc6 23. Qe2 Nb4 1/2-1/2

[Event "DEN-ch Kort1 B"]
[Site "Skorping"]
[Date "2017.04.08"]
[Round "1"]
[White "Pedersen, Jens Erik"]
[Black "Ehrenreich, Simon"]
[Result "1/2-1/2"]
[WhiteElo "1638"]
[BlackElo "1654"]
[PlyCount "75"]
[EventDate "2017.04.08"]
[EventType "swiss"]
[EventRounds "5"]
[EventCountry "DEN"]
[SourceTitle "EXT 2023"]
[Source "ChessBase"]
[SourceDate "2022.10.05"]
[SourceVersion "1"]
[SourceVersionDate "2022.10.05"]
[SourceQuality "1"]

1. e4 c6 2. Nc3 d5 3. exd5 cxd5 4. d4 Nc6 5. Be3 Bf5 6. a3 Nf6 7. Bd3 Bg6 8. Nge2 e6 9. 0-0 Bd6 10. Ng3 Bxd3 11. Qxd3 Ng4 12. Rae1 Bxg3 13. fxg3 Nxe3 14. Qxe3 0-0 15. Ne2 Qb6 16. b4 Rac8 17. c3 Ne7 18. Kh1 Ng6 19. Rf3 Qa6 20. Qc1 Rc7 21. Re3 Qd6 22. Rd1 Rfc8 23. Qd2 Qc6 24. Qb2 Qa4 25. Ra1 a6 26. h3 b6 27. Rf1 Qb5 28. Re1 Qc6 29. Ra1 b5 30. Rb1 Ne7 31. g4 Ng6 32. Kh2 Qd6+ 33. g3 Nf8 34. Re1 Re7 35. Nf4 Ng6 36. Ne2 Nf8 37. Nf4 Ng6 38. Ne2 1/2-1/2